00535nam a22001457a 4500003000400000005001700004008004100021040001400062100002600076245011500102260000900217300003000226500010000256504003300356OSt20171010095520.0120816t xxu||||| |||| 00| 0 eng d aMMSUcULS aBismonte, Mildred S.  aAng Balidity ng mga balyus na nailarawan sa mga kontemporaryong maikling kuwentong IlokocMildred S. Bismonte c1993 axvii, 164 leaves c28 cm. aThesis (MA Education-Filipino) -- Mariano Marcos State University-Graduate School, Laoag City  aBibliography: leaves 159-164